Dúbravka centrum - prestavba námestia

Enregistré dans:
Détails bibliographiques
Auteur principal: Kutálková, Lucia (Auteur)
Autres auteurs: Štefancová, Lucia (Directeur de thèse)
Format: Manuscrit Livre
Langue:slovaque
Publié: Bratislava 2021
Sujets:
Accès en ligne:http://is.stuba.sk/zp/portal_zp.pl?podrobnosti=145955
Tags: Ajouter un tag
Pas de tags, Soyez le premier à ajouter un tag!

MARC

LEADER 00000ntm a22000003a 4500
001 stuzp84314
003 SK-STU
005 20220210111359.5
007 ta
008 150427s2015----xo-----f-mn---000-0-slo-d
040 |a STU  |b slo 
041 0 |a slo 
100 1 |a Kutálková, Lucia  |u 056160  |4 aut  |U FAD Fakulta architektúry a dizajnu  |T FAD Ústav urbanizmu a územného plánovania  |X 93732  |U A6160  |Y 397  |7 93732 
242 0 1 |a Dúbravka center - reconstruction of the square  |y eng 
245 1 0 |a Dúbravka centrum - prestavba námestia 
260 |c 2021  |a Bratislava 
650 4 |a verejný priestor  |2 slo 
650 4 |a centrum  |2 slo 
650 4 |a námestie  |2 slo 
650 4 |a udržateľnosť  |2 slo 
650 4 |a doprava  |2 slo 
650 4 |a public space  |2 eng 
650 4 |a centre  |2 eng 
650 4 |a square  |2 eng 
650 4 |a sustainability  |2 eng 
650 4 |a traffic  |2 eng 
700 1 |a Štefancová, Lucia  |u 056160  |k Z1  |4 ths  |U FAD Fakulta architektúry a dizajnu  |T FAD Ústav urbanizmu a územného plánovania  |X 27281  |U A6160  |Y 397  |7 A000027281 
856 4 |u http://is.stuba.sk/zp/portal_zp.pl?podrobnosti=145955  |u https://opac.crzp.sk/?fn=detailBiblioForm&sid=6327E39BEACEDA03090008820365